Dzielnice Gdańska z podpowiedziami - Statystyki

Ogólne statystyki
  • Ten quiz został rozwiązany 11 razy
  • Średni wynik to 16 z 34
Statystyki odpowiedzi
Hint Odpowiedź % Poprawnych
Plaża Brzeźno
89%
Zoo i park Oliwa
89%
Opera Bałtycka Wrzeszcz
89%
Plaża jelitkowo
78%
Plaża Stogi
78%
Jar Wilanowski Chełm
67%
Żuraw Śródmieście
67%
Galeria handlowa Matarnia
56%
Neogotycki kościół pw Św Jana Bosko Orunia
56%
Custom34 Studio Osowa
56%
Morena Piecki,Migowo
56%
Zbiorowiska dobrze zaopatrzone w wode strzyża
56%
Meczet VII Dwór
56%
wyspa Wyspa Sobieszewska
56%
Obóz Kokoszki
44%
Mały Młyn Młyniska
44%
Falowiec Przymorze Wielkie
44%
Rafineria Lotos Rudniki
44%
Neogotycki kościół Św Franciszka Siedlce
44%
Galeria handlowa Morena Suchanino
44%
Czołg T-34 Aniołki
33%
Santkuarium Brętowo
33%
Trójmiejski park krajobrazowy Jasień
33%
AmberExpo Letnica
33%
Motława,fosa,kanały Olszynka
33%
Niska zabudowa domów jednorodzinnych Przymorze Małe
33%
Kolekcja malarstwa monumentalnego Zaspa,Młyniec
33%
Wiele punktów osługowo-handlowych Zaspa,Rozstaje
33%
Baltic Hub Nowy Port
22%
Basen górniczy Przeróbka
22%
Wieża widokowa na Kozaczej górze Ujeścisko Łostowice
22%
AKM Krakowiec,Górki Zachodnie
11%
Bazylika Mariacka Wzgórze Mickiewicza
11%
Pumptrack Orunia Górna-Gdańsk Południe
0%
Nie znaleziono quizów pasujących do podanych kryteriów
Rozkład punktacji
Procent ludzi z każdym wynikiem
Percentyl według liczby udzielonych odpowiedzi
Twoja historia wyników
Nie rozwiązałeś tego quizu